|
|
|
|
| LEADER |
01214nam a2200229 a 4500 |
| 008 |
100530s1979 cf b 000 0 eng d |
| 040 |
|
|
|a DLC
|c HNC
|d CUY
|d BD-DhAAL
|
| 082 |
0 |
0 |
|a 362.1/096
|2 419
|
| 245 |
1 |
0 |
|a Social policy and health development in Africa :
|b Community health information and education /
|c prepared by the Regional Officer of Africa of the World Health Organization.
|
| 260 |
|
|
|a Brazzaville :
|b Regional Office for Africa (AFRO),World Health Organization,
|c 1979.
|
| 300 |
|
|
|a 62 p. ;
|c 24 cm.
|
| 490 |
1 |
|
|a AFRO technical papers ;
|v no. 16
|
| 500 |
|
|
|a Background papers and final reports of the technical discussions of the 28th and 29th sessions of the WHO Regional Committee for Africa.
|
| 504 |
|
|
|a Includes bibliographical references.
|
| 541 |
1 |
|
|e 00003477
|
| 650 |
|
0 |
|a Medical policy
|z Africa.
|
| 650 |
|
0 |
|a Health education
|z Africa.
|
| 740 |
0 |
1 |
|a Community health information and education.
|
| 830 |
|
0 |
|a AFRO technical papers ;
|v no. 16
|
| 852 |
4 |
|
|a Ayesha Abed Library
|j General Shelf
|
| 999 |
|
|
|c 8748
|d 8748
|
| 952 |
|
|
|0 0
|1 0
|2 ddc
|4 0
|6 362_109600000000000_SOC_1979
|7 0
|9 10568
|a BRACUL
|b BRACUL
|c GEN
|d 2010-05-30
|g 0.00
|l 0
|o 362.1096 SOC
|p 3010003477
|r 2010-05-30
|t 1
|w 2010-05-30
|y BK
|z Not price in Register
|